Héros de Bandes Dessinées # 4 - Statistiques

Statistiques générales
  • Ce quiz a été pris 130 fois
  • Le résultat moyen est 8 sur 22
Statistiques - réponses
Par images Réponse % Correct
Minnie
98%
Dingo
97%
Daisy
93%
Monsieur Latouche
44%
Adèle
43%
Léonie Gratin
43%
Achille Talon
42%
Ariol
38%
Tom
36%
Esther
31%
Nelson
30%
Marine
28%
Anatole Latuile
27%
Wendy
22%
Nina
21%
Hägar Dünor
18%
Poussy
16%
Pim, Pam, Poum
12%
Soeur Marie-Thérèse des Batignolles
12%
Léo Loden
10%
Rubine
6%
Pilo
4%
Aucun quiz correspondant
Distribution des résultats
% des personnes avec chaque résultat
Percentile par nombre de réponses
Votre historique - résultats
Vous n’avez pas pris ce quiz